Washington General Knowledge - Statistics

General Stats
  • This quiz has been taken 82 times
    77 since last reset
  • The average score is 10 of 15
Answer Stats
Hint Answer % Correct
Largest city surrounded by water and mountains Seattle
93%
State capital of Washington on a lake Olympia
87%
Iconic observation tower in downtown Seattle Space Needle
87%
National park and highest point in Washington Mount Rainier
80%
Important NFL team in Seattle Seahawks
80%
Second largest city known for a downtown waterfall Spokane
80%
Major suburb of Portland on the Oregon-Washington border Vancouver
80%
Major online marketplace system founded in Seattle Amazon.com
73%
Lead singer of Nirvana from Washington Kurt Cobain
73%
Major active stratovolcano in Skamania County Mount St. Helens
67%
Iconic genre of music that started in Washington Grunge
60%
Iconic public market overlooking the Elliott Bay Pike Place Market
60%
Major suburb of seattle on the banks of Puget Sound Tacoma
53%
National park known for its mountains and glaciers North Cascades
40%
A private, Roman Catholic university in above city Gonzaga
33%
No matching quizzes found
Score Distribution
Percent of People with Each Score
Percentile by Number Answered
Your Score History
You have not taken this quiz since the last reset